000 00924nam a22002777a 4500
003 EG-ScBUE
005 20220531113320.0
008 140616t2002 enkak f 000 0 eng d
020 _a9789608136168
040 _aEG-ScBUE
_beng
_erda
_cEG-ScBUE
_dEG-ScBUE
082 0 4 _222
_a428.24
_bLIN
245 0 0 _aLink,
_pUpper intermediate /
_cSarah Bideleux, [and five others]
246 3 4 _aLink :
_bupper intermediate : course book
264 1 _aHampshire, United Kingdom :
_bCengage Learning,
_c[2002]
264 4 _cc2002
300 _a159 pages :
_bforms, tables ;
_c29 cm
336 _2rdacontent
_atext
_btxt
337 _2rdamedia
_aunmediated
_bn
338 _2rdacarrier
_avolume
_bnc
650 7 _aEnglish language
_vTextbooks for foreign speakers.
_2BUEsh
651 _2BUEsh
653 _cJune2014
_bHHUUEENN
655 _vReading book
_934232
700 1 _aBideleux, Sarah,
_eauthor.
_935998
942 _2ddc
_k428.24 LIN
_cBB
999 _c18303
_d18275